000
00288nam a2200121Ia 4500
008
190216s9999||||xx |||||||||||||| ||und||
100
_a
John L Kelley-Paul R.Halmos
245
0
_a
Linear Algebra
260
_b
East-West Press
_c
1967
300
_a
281
650
_a
Mathematics
942
_c
BK
999
_c
30424
_d
30424